| 000 | 00945nam a22002657a 4500 | ||
|---|---|---|---|
| 001 | 6445 | ||
| 003 | FISKH | ||
| 005 | 20250502120232.0 | ||
| 008 | 250502b cb ||||| |||| 00| 0 eng d | ||
| 020 | _a9780545379571 | ||
| 040 |
_aFISKH _beng _cFISKH _dFISKH |
||
| 050 | _aPZ7 | ||
| 082 | _a591 | ||
| 100 | _aKosara, Tori | ||
| 245 |
_aAll about Hibernation _cby Tori Kosara |
||
| 260 |
_aNew York : _bScholastic, _c2011. |
||
| 300 |
_a3232 unnummbered pages : _bcolor illustrations ; _c26 cm |
||
| 505 | _aJ | ||
| 520 | _aExplains how various animals prepare for hibernation by stuffing themselves with food so that they can survive during the dormant months and how these animals prepare safe spots, like dens and burrows, so that they will be protected from predators as they sleep. | ||
| 521 | 8 |
_a500
_bLexile adjusted |
|
| 521 | 8 |
_aJ
_bRaz-Plus |
|
| 650 |
_2Forests _aAnimals _vBears |
||
| 942 |
_2ddc _cBK _n0 |
||
| 999 |
_c6445 _d6445 |
||